| 000 | 00937cam a2200277 a 4500 | ||
|---|---|---|---|
| 999 |
_c26270 _d26270 |
||
| 001 | 2300027 | ||
| 003 | OSt | ||
| 005 | 20170203151927.0 | ||
| 008 | 830126s1981 enk b 001 0 eng | ||
| 010 | _a 80041901 | ||
| 015 | _aGB*** | ||
| 020 | _a0198274289 | ||
| 020 | _a0198274297 (pbk.) | ||
| 040 |
_aDLC _cDLC _dDLC |
||
| 050 | 0 | 0 | _aJC71.P6 1981 |
| 082 | 0 | 0 |
_a321/.07 _219 |
| 100 | 1 | _aAnnas, Julia. | |
| 245 | 1 | 3 |
_aAn introduction to Plato's Republic / _cby Julia Annas. |
| 260 |
_aOxford : _bClarendon Press ; _aNew York : _bOxford University Press, _c1981. |
||
| 300 |
_aviii, 362 p. ; _c22 cm. |
||
| 500 | _aIncludes index. | ||
| 504 | _aBibliography: p. [355]-359. | ||
| 600 | 0 | 0 |
_aPlato. _tRepublic. |
| 650 | _2plato republic | ||
| 856 | 4 | 2 |
_3Publisher description _uhttp://www.loc.gov/catdir/enhancements/fy0603/80041901-d.html |
| 906 |
_a7 _bcbc _corignew _d3 _eocip _f19 _gy-gencatlg |
||
| 942 |
_2lcc _cBOOKS _hJC71.P6 1981 _k28971 |
||